Fragmentos de la modernidad

Wedi'i Gadw mewn:
Manylion Llyfryddiaeth
Prif Awdur: Frisby, David (Awdur)
Fformat: Llyfr
Iaith:Sbaeneg
Cyhoeddwyd: Madrid Visor 1992
Cyfres:<La >balsa de la Medusa, 51
Pynciau:
Tagiau: Ychwanegu Tag
Dim Tagiau, Byddwch y cyntaf i dagio'r cofnod hwn!

MARC

LEADER 00000nam a2200000 a 4500
001 UCY5406
003 CL-VaPUC
008 950508e19920000SP |||||||||||||||||spa|d
020 |a 847774551X 
082 0 4 |a 303.4  |b FRI  |2 21 
100 0 |a Frisby, David  |e author  |9 334129 
245 1 0 |a Fragmentos de la modernidad 
246 1 0 |a Teorías de la modernidad en la obra de Simmel, Kracauer y Benjamín 
300 |a 500 p 
942 |c BK 
945 |d 19950508 00:00:00  |a rbrito 
260 |a Madrid  |b Visor  |c 1992 
650 0 |a Modernismo  |9 267987 
583 |a last modification  |c 19950508 00:00:00  |k Rodrigo Vera 
490 0 |a <La >balsa de la Medusa, 51 
999 |c 233074  |d 233072 
952 |0 0  |1 0  |4 0  |6 303_400000000000000_FRI_1992  |7 0  |8 A  |9 238166  |a FDOPOS  |b FDOPOS  |d 2019-11-18  |i 3079457  |o 303.4 FRI 1992  |p 3079457  |r 2025-01-22  |w 2019-11-18  |y BK  |k MLA 
952 |0 0  |1 0  |4 0  |6 303_400000000000000_FRI_1992  |7 0  |8 A  |9 238167  |a BIBEDU  |b BIBEDU  |d 2019-11-18  |i 4138236  |o 303.4 FRI 1992  |p 4138236  |r 2019-11-18  |w 2019-11-18  |y BK  |k FIL